• 首页
  • 本馆介绍
  • 公告通知
  • 最新文献
  • 馆藏检索
  • 电子资源
  • 读者导购
  • 参考咨询
  • 我的图书馆
  • 登录
  • 详细信息显示
  • 放入我的书架
  • 预约/预借图书
  • 作者相关作品
  • 分类相关作品
  • 丛书相关作品
  • 出版社相关作品

书目信息

  • 表格格式
  • 工作单格式
  • 卡片格式
书名: An introduction to linguistics =
作者: Stuart C. Poole著 ; 刘润清导读。.
分册号:
分册名:
出版地: 北京 :
 
出版社: 外语教学与研究出版社
出版时间: 2000.
页数: F28, 219 p. :
开本: 23 cm.
丛书名: 当代国外语言与应用语言学文库
中图分类号:
科图分类号:
其他分类号: H0
主题词:
电子资源:
000 01868cam a2200745 a 4500
001 E0754710301
003 CAL
005 20070818151347.71
008 981006r20001999cc b 001 0 eng d
020    @a7560018696.
040    @aNUL@cNUL@dWUL
050 00 @aP121@b.P585
082 00 @a410@221
090    @aH0
093    @aH0@23
099    @dH0@ex134
100 1  @aPoole, Stuart C.,@d1947-
245 13 @aAn introduction to linguistics = :@b语言学入门 / @cStuart C. Poole著 ; 刘润清导读。.
260    @a北京 :@b外语教学与研究出版社,@c2000.
300    @aF28, 219 p. :@bill. ;@c23 cm.
440  0 @a当代国外语言与应用语言学文库
500    @aReprint. Originally English edition published : Macmillan, c1999.
504    @aIncludes bibliographical reference (p. 207-210) and index.
650  0 @aLinguistics.
650  0 @aLanguage and languages.
700 1  @a刘润清
920    @a232010@z1
920    @a211020@z1
920    @a243160@z2
920    @a211030@z1
920    @a242020@z2
920    @a242250@z1
920    @a244050@z2
920    @a231010@z1
920    @a214010@z2
920    @a212010@z2
920    @a211410@z1
920    @a211010@z4
920    @a231220@z2
920    @a231280@z2
920    @a211050@z2
920    @a211180@z2
920    @a237385@z2
920    @a237010@z2
920    @a211260@z1
920    @a243040@z1
920    @a246060@z0
920    @a251430@z2
920    @a246010@z1
920    @a222220@z1
920    @a236010@z2
920    @a241061@z1
920    @a221020@z1
920    @a221060@z1
920    @a223140@z1
920    @a222020@z2
920    @a241180@z2
920    @a211270@z2
920    @a251050@z1
920    @a246040@z1
920    @a237020@z1
920    @a242010@z1
920    @a244020@z2
920    @a242120@z2
998    @aNUL
    
    An introduction to linguistics = : : 语言学入门 / / Stuart C. Poole著 ; 刘润清导读。.-北京 : : 外语教学与研究出版社, , 2000.
    F28, 219 p. : : ill. ; ; 23 cm.- (当代国外语言与应用语言学文库)
    Reprint. Originally English edition published : Macmillan, c1999.-Includes bibliographical reference (p. 207-210) and index.
    
    ISBN 7560018696.
    
●
相关链接 在E读中查询图书 在五车中查询图书 在当当中查询图书 在豆瓣中查询图书


正题名:introduction to linguistics =     索取号:H0/x134         预约/预借

序号 登录号 条形码 馆藏地/架位号 状态 备注
1 16637   300166371   第二样本阅览室/ [索取号:H0/x134] 在馆    
2 16638   300166380   第四借阅区/ [索取号:H0/x134] 在馆    
唐山师范学院图书馆 欢迎您!
大连网信软件有限公司© 版权所有